| 000 | 01151cam a22003014a 4500 | ||
|---|---|---|---|
| 001 | 13830410 | ||
| 005 | 20241107131637.0 | ||
| 008 | 040422s2004 caua b 001 0aeng | ||
| 020 | _a1576753018 (alk. paper) | ||
| 020 | _a9781576753019 | ||
| 050 | 0 | 0 |
_aUB271.U52 _bP47 2004 |
| 082 | 0 | 0 |
_a332/.042/092 _aB _222 |
| 100 | 1 |
_aPerkins, John, _d1945- |
|
| 245 | 1 | 0 |
_aConfessions of an economic hit man / _cJohn Perkins. |
| 250 | _a1st ed. | ||
| 260 |
_aSan Francisco : _bBerrett-Koehler Publishers, _cc2004. |
||
| 300 |
_axxi, 250 p. : _bill. ; _c24 cm. |
||
| 650 | 0 |
_aEconomists _zUnited States _vBiography. |
|
| 650 | 0 |
_aEnergy consultants _zUnited States _vBiography. |
|
| 650 | 0 |
_aIntelligence officers _zUnited States _vBiography. |
|
| 650 | 0 | _aCorporations, American. | |
| 650 | 0 |
_aCorporations, American _xCorrupt practices. |
|
| 650 | 0 |
_aImperialism _xHistory _y20th century. |
|
| 650 | 0 |
_aImperialism _xHistory _y21st century. |
|
| 856 | 4 | 2 |
_3Publisher description _uhttp://www.loc.gov/catdir/enhancements/fy0715/2004046353-d.html |
| 856 | 4 | 2 |
_3Book review (H-Net) _uhttp://www.h-net.org/reviews/showrev.php?id=31157 |
| 942 |
_2lcc _cBK _e1st Ed. _n0 |
||
| 999 |
_c809 _d809 |
||